[Event "Philadelphia op 16th"]
[Site "Philadelphia"]
[Date "2023.06.24"]
[Round "2"]
[White "Puckett, Matthew"]
[Black "Obiamiwe, Paul"]
[Result "1-0"]
[WhiteElo "2120"]
[BlackElo "1866"]
[PlyCount "65"]
[EventDate "2023.06.24"]
[EventType "swiss"]
[EventRounds "9"]
[EventCountry "USA"]
[SourceTitle "CBM 215 Extra"]
[Source "ChessBase"]
[SourceDate "2023.09.30"]
[SourceVersion "1"]
[SourceVersionDate "2023.09.30"]
[SourceQuality "1"]

1. d4 Nf6 2. c4 e6 3. Nc3 d5 4. cxd5 exd5 5. Bg5 c6 6. e3 Nbd7 7. Bd3 Be7 8. Nge2 0-0 9. 0-0 Re8 10. Qc2 Nf8 11. f3 Be6 12. Rae1 Rc8 13. h3 a6 14. Bh4 Ng6 15. Bf2 c5 16. Qb1 Bd6 17. e4 cxd4 18. Nxd4 Bd7 19. Nxd5 Ne5 20. Rd1 Nxd3 21. Qxd3 Nxd5 22. exd5 Ba4 23. Rc1 Qg5 24. Rxc8 Rxc8 25. Qf5 Qd8 26. Qe4 Qc7 27. Nf5 Bc2 28. Qg4 Bf8 29. Nh6+ Kh8 30. Nxf7+ Kg8 31. Nh6+ Kh8 32. d6 Qc4 33. d7 1-0

[Event "Gibraltar Masters 18th"]
[Site "Caleta"]
[Date "2020.01.28"]
[Round "8"]
[White "Sahajasri, Cholleti"]
[Black "Obiamiwe, Paul"]
[Result "1-0"]
[WhiteElo "2202"]
[BlackElo "1920"]
[PlyCount "121"]
[EventDate "2020.01.21"]
[EventType "swiss"]
[EventRounds "10"]
[EventCountry "GGB"]
[SourceTitle "CBM 194 Extra"]
[Source "ChessBase"]
[SourceDate "2020.03.31"]
[SourceVersion "1"]
[SourceVersionDate "2020.03.31"]
[SourceQuality "1"]

1. Nf3 Nf6 2. d4 d5 3. c4 e6 4. g3 Nbd7 5. Bg2 Be7 6. 0-0 0-0 7. Qc2 c6 8. Bf4 b6 9. Rc1 Bb7 10. cxd5 cxd5 11. Nc3 Rc8 12. Qd1 Ne8 13. Nd2 Ndf6 14. f3 Qd7 15. Nf1 Nd6 16. Nd2 Nf5 17. Nb3 Rc4 18. Kh1 Nh5 19. Qd2 Nxf4 20. gxf4 Bf6 21. e3 Nh4 22. Rg1 Rfc8 23. Qf2 Nxg2 24. Rxg2 R4c7 25. Qe2 a6 26. Nc1 Qc6 27. Nd3 Qe8 28. Ne5 Kh8 29. Rag1 g6 30. Qd1 Bg7 31. Qb3 f6 32. Nd3 Qc6 33. Na4 Qc4 34. Nxb6 Qxb3 35. axb3 Rb8 36. Na4 Bc8 37. Nac5 Kg8 38. Ra1 Rb6 39. Ra4 Kf7 40. Rg1 Ke7 41. Rga1 Ra7 42. Ra5 Kd6 43. b4 Rc7 44. Nxa6 Re7 45. Nac5 e5 46. Ra8 Bf5 47. Rd8+ Kc6 48. e4 dxe4 49. fxe4 Kc7 50. Rda8 Bc8 51. fxe5 f5 52. exf5 gxf5 53. R1a7+ Bb7+ 54. Nxb7 Rxb7 55. Nc5 Rxa7 56. Rxa7+ Kd8 57. Rxe7 Kxe7 58. b5 Bh6 59. b6 Kd8 60. d5 Bf4 61. Ne6+ 1-0

[Event "Gibraltar Masters 18th"]
[Site "Caleta"]
[Date "2020.01.26"]
[Round "6"]
[White "Obiamiwe, Paul"]
[Black "Arroyo Rodriguez, Jesus"]
[Result "1/2-1/2"]
[WhiteElo "1920"]
[BlackElo "2125"]
[PlyCount "115"]
[EventDate "2020.01.21"]
[EventType "swiss"]
[EventRounds "10"]
[EventCountry "GGB"]
[SourceTitle "CBM 194 Extra"]
[Source "ChessBase"]
[SourceDate "2020.03.31"]
[SourceVersion "1"]
[SourceVersionDate "2020.03.31"]
[SourceQuality "1"]

1. Nf3 Nf6 2. c4 g6 3. Nc3 Bg7 4. e4 d6 5. d4 0-0 6. Be2 Nbd7 7. 0-0 e5 8. Be3 h6 9. dxe5 dxe5 10. h3 c6 11. Qd2 Kh7 12. Rfd1 Qe7 13. Qc2 Ne8 14. a3 Nc7 15. b4 Ne6 16. c5 Nf4 17. Bf1 Nf6 18. Qd2 g5 19. Qd6 Qxd6 20. Rxd6 a5 21. b5 Ne8 22. Rdd1 f5 23. Na4 fxe4 24. Nb6 Rb8 25. Nd2 Nf6 26. Ndc4 N6d5 27. Nxc8 Rbxc8 28. Nd6 Rb8 29. Nxe4 Nxe3 30. fxe3 Nd5 31. Re1 Kg6 32. Bd3 Kf5 33. Rab1 Ke6 34. Bc4 Rfd8 35. Nd6 e4 36. Nxe4 Bf8 37. Nd6 Bxd6 38. cxd6 Kxd6 39. bxc6 bxc6 40. Rxb8 Rxb8 41. e4 Nf4 42. e5+ Ke7 43. Rd1 Rb2 44. Rd6 Rxg2+ 45. Kf1 Rg3 46. Rxh6 Rxh3 47. Rxc6 Rf3+ 48. Kg1 Rxa3 49. Rc7+ Kd8 50. Ra7 Rc3 51. Bf7 Rc5 52. e6 Re5 53. Kf1 Nd5 54. Rd7+ Kc8 55. Rxd5 Rxd5 56. e7 Rf5+ 57. Kg2 Re5 58. e8Q+ 1/2-1/2

[Event "Gibraltar Masters 18th"]
[Site "Caleta"]
[Date "2020.01.23"]
[Round "3"]
[White "Utiatskaja, Irina"]
[Black "Obiamiwe, Paul"]
[Result "1-0"]
[WhiteElo "2143"]
[BlackElo "1920"]
[PlyCount "81"]
[EventDate "2020.01.21"]
[EventType "swiss"]
[EventRounds "10"]
[EventCountry "GGB"]
[SourceTitle "CBM 194 Extra"]
[Source "ChessBase"]
[SourceDate "2020.03.31"]
[SourceVersion "1"]
[SourceVersionDate "2020.03.31"]
[SourceQuality "1"]

1. c4 Nf6 2. Nf3 e6 3. g3 d5 4. Bg2 c6 5. b3 Nbd7 6. d4 Be7 7. 0-0 0-0 8. Qc2 b6 9. Rd1 Bb7 10. Nc3 Rc8 11. e4 c5 12. exd5 exd5 13. Bb2 dxc4 14. d5 cxb3 15. axb3 Ne8 16. Nb5 a5 17. Na7 Bd6 18. Nxc8 Qxc8 19. Ng5 g6 20. Bh3 Qd8 21. Ne4 Ne5 22. Qc3 f6 23. Be6+ Kg7 24. f4 Nf7 25. Re1 Be7 26. Rad1 Nfd6 27. g4 Nxe4 28. Rxe4 Nd6 29. Ree1 Nb5 30. Qe3 Bd6 31. g5 Nd4 32. h4 Qc7 33. Rf1 Ba6 34. Rf2 Qe7 35. Rdd2 Qc7 36. h5 Qe7 37. hxg6 hxg6 38. Rh2 Bb5 39. Qh3 fxg5 40. Qh6+ Kf6 41. Rxd4 1-0

[Event "Gibraltar Masters 17th"]
[Site "Caleta"]
[Date "2019.01.24"]
[Round "3"]
[White "Bopp, Thomas"]
[Black "Obiamiwe, Paul"]
[Result "1-0"]
[WhiteElo "2171"]
[BlackElo "1903"]
[PlyCount "65"]
[EventDate "2019.01.22"]
[EventType "swiss"]
[EventRounds "10"]
[EventCountry "GGB"]
[SourceTitle "CBM 188 Extra"]
[Source "ChessBase"]
[SourceDate "2019.02.26"]
[SourceVersion "1"]
[SourceVersionDate "2019.02.26"]
[SourceQuality "1"]

1. d4 d5 2. c4 e6 3. cxd5 exd5 4. Nc3 Nf6 5. Bg5 Be7 6. e3 c6 7. Bd3 0-0 8. Qc2 Nbd7 9. Nf3 Re8 10. 0-0 Nf8 11. Rae1 Ne4 12. Bf4 Nf6 13. h3 Be6 14. Rb1 h6 15. b4 N8d7 16. Na4 Nb6 17. Nc5 Bc8 18. b5 Nbd7 19. Nb3 Qb6 20. bxc6 bxc6 21. Rbc1 Ba3 22. Rcd1 a5 23. Nc5 Qa7 24. Na4 Ba6 25. Ne5 Nxe5 26. dxe5 Bxd3 27. Rxd3 Be7 28. exf6 Bxf6 29. Qxc6 Re4 30. Rxd5 Rb4 31. Rc1 Rd8 32. Rxd8+ Bxd8 33. a3 1-0

[Event "Gibraltar Masters 17th"]
[Site "Caleta"]
[Date "2019.01.22"]
[Round "1"]
[White "Wemmers, Xander"]
[Black "Obiamiwe, Paul"]
[Result "1-0"]
[WhiteElo "2418"]
[BlackElo "1903"]
[PlyCount "79"]
[EventDate "2019.01.22"]
[EventType "swiss"]
[EventRounds "10"]
[EventCountry "GGB"]
[SourceTitle "CBM 188 Extra"]
[Source "ChessBase"]
[SourceDate "2019.02.26"]
[SourceVersion "1"]
[SourceVersionDate "2019.02.26"]
[SourceQuality "1"]

1. d4 d5 2. c4 e6 3. Nc3 Nf6 4. cxd5 exd5 5. Bg5 Nbd7 6. e3 Be7 7. Bd3 c6 8. Qc2 0-0 9. Nge2 Re8 10. 0-0 Nf8 11. f3 Be6 12. Rae1 Rc8 13. Kh1 a6 14. Na4 N6d7 15. Bxe7 Qxe7 16. Rc1 c5 17. dxc5 b5 18. Nac3 Rxc5 19. Qd2 Ne5 20. Nf4 Rd8 21. b3 Qd7 22. Rfd1 Rdc8 23. a3 R8c7 24. Nce2 Qc8 25. Rxc5 Rxc5 26. Bb1 Nfg6 27. Qd4 Nxf4 28. exf4 Nc4 29. f5 Nxa3 30. fxe6 fxe6 31. Bd3 Nc2 32. Qh4 g6 33. Qf6 Ne3 34. Re1 Nc2 35. Bxc2 Rxc2 36. h4 Qd7 37. Nd4 Rc8 38. Rxe6 Rf8 39. Qe5 Qf7 40. Nc6 1-0

[Event "Philadelphia int op 12th"]
[Site "Philadelphia"]
[Date "2018.06.28"]
[Round "1"]
[White "Sarkar, Justin"]
[Black "Obiamiwe, Paul"]
[Result "1-0"]
[WhiteElo "2297"]
[BlackElo "1914"]
[PlyCount "53"]
[EventDate "2018.06.28"]
[EventType "swiss"]
[EventRounds "9"]
[EventCountry "USA"]
[SourceTitle "CBM 185 Extra"]
[Source "ChessBase"]
[SourceDate "2018.07.29"]
[SourceVersion "1"]
[SourceVersionDate "2018.07.29"]
[SourceQuality "1"]

1. d4 Nf6 2. c4 g6 3. g3 Bg7 4. Bg2 0-0 5. Nc3 d6 6. Nf3 Nc6 7. 0-0 Rb8 8. b3 a6 9. e3 b5 10. Nd2 Bg4 11. Bf3 Bxf3 12. Qxf3 Nb4 13. Rb1 Nd3 14. cxb5 axb5 15. b4 Nxc1 16. Rfxc1 Qd7 17. Nb3 Rfc8 18. Rc2 Qh3 19. Rbc1 Bh6 20. Nd5 Nxd5 21. Qxd5 Qd7 22. Nc5 Qd8 23. Na6 e6 24. Qc6 Ra8 25. Qxb5 Ra7 26. Qb6 Rca8 27. Nxc7 1-0

[Event "Gibraltar Masters 16th"]
[Site "Caleta"]
[Date "2018.01.28"]
[Round "6"]
[White "Perez, Flavio"]
[Black "Obiamiwe, Paul"]
[Result "1-0"]
[WhiteElo "2279"]
[BlackElo "1891"]
[PlyCount "85"]
[EventDate "2018.01.23"]
[EventType "swiss"]
[EventRounds "10"]
[EventCountry "GGB"]
[SourceTitle "CBM 183"]
[Source "ChessBase"]
[SourceDate "2018.03.14"]
[SourceVersion "1"]
[SourceVersionDate "2018.03.14"]
[SourceQuality "1"]

1. Nf3 Nf6 2. g3 g6 3. Bg2 Bg7 4. d3 d6 5. e4 Nc6 6. 0-0 0-0 7. Nbd2 e5 8. c3 d5 9. Re1 Re8 10. Qc2 h6 11. b4 a6 12. a3 dxe4 13. dxe4 Be6 14. Nb3 Nd7 15. Be3 Qc8 16. Nfd2 Rb8 17. a4 b5 18. Bf1 Rf8 19. Bg2 Re8 20. Reb1 Nb6 21. axb5 axb5 22. Bf1 Nd7 23. Na5 Nxa5 24. Rxa5 c6 25. c4 bxc4 26. Nxc4 Bf8 27. Qd2 Rd8 28. Qc3 Qc7 29. Ra7 Rb7 30. Rxb7 Qxb7 31. Na5 Qa8 32. Nxc6 Rc8 33. b5 Qb7 34. Rc1 Nb8 35. Qxe5 Bg7 36. Qc5 Bf8 37. Qc3 Bg7 38. Qc2 Qc7 39. Qa4 Qb7 40. h4 Bd7 41. Ne7+ Kh7 42. Nxc8 Bxc8 43. Qa7 1-0

[Event "Gibraltar Masters 15th"]
[Site "Caleta"]
[Date "2017.02.01"]
[Round "9"]
[White "Derakhshani, Borna"]
[Black "Obiamiwe, Paul"]
[Result "1-0"]
[WhiteElo "2195"]
[BlackElo "1926"]
[PlyCount "81"]
[EventDate "2017.01.24"]
[EventType "swiss"]
[EventRounds "10"]
[EventCountry "GGB"]
[SourceTitle "CBM 177"]
[Source "ChessBase"]
[SourceDate "2017.03.16"]
[SourceVersion "1"]
[SourceVersionDate "2017.03.16"]
[SourceQuality "1"]

1. d4 Nf6 2. Bf4 g6 3. Nd2 d5 4. e3 Bg7 5. Bd3 0-0 6. Ngf3 Nbd7 7. 0-0 Nh5 8. Bg5 Re8 9. c3 c6 10. e4 dxe4 11. Nxe4 Ndf6 12. Re1 Nxe4 13. Bxe4 Nf6 14. Bd3 Be6 15. Rxe6 fxe6 16. Qb3 Nd5 17. Re1 Qd7 18. Ne5 Bxe5 19. Rxe5 b5 20. Bh6 Kf7 21. Qd1 Rg8 22. Qf3+ Ke8 23. h4 Nf6 24. Bxb5 Rc8 25. Bc4 Nd5 26. Bb3 Rb8 27. h5 Rb5 28. c4 Rxb3 29. Qxb3 Nf6 30. Be3 gxh5 31. Qd3 Rg6 32. f3 Kf7 33. Bg5 Ne8 34. d5 cxd5 35. cxd5 Qc7 36. dxe6+ Kf8 37. Rf5+ Nf6 38. Qd7 Qb6+ 39. Kh1 Qb4 40. Rxf6+ Rxf6 41. Bxf6 1-0

[Event "Gibraltar Masters 15th"]
[Site "Caleta"]
[Date "2017.01.26"]
[Round "3"]
[White "Piasetski, Leon David"]
[Black "Obiamiwe, Paul"]
[Result "1-0"]
[WhiteElo "2327"]
[BlackElo "1926"]
[PlyCount "107"]
[EventDate "2017.01.24"]
[EventType "swiss"]
[EventRounds "10"]
[EventCountry "GGB"]
[SourceTitle "CBM 177"]
[Source "ChessBase"]
[SourceDate "2017.03.16"]
[SourceVersion "1"]
[SourceVersionDate "2017.03.16"]
[SourceQuality "1"]

1. c4 Nf6 2. Nc3 g6 3. e4 d6 4. d4 Bg7 5. h3 Nbd7 6. Bd3 e5 7. d5 Nc5 8. Bc2 a5 9. Be3 Bd7 10. Nf3 b6 11. a3 a4 12. Nd2 0-0 13. Bxc5 bxc5 14. Bxa4 Nh5 15. Bxd7 Qxd7 16. g3 Rfb8 17. Nb5 c6 18. dxc6 Qxc6 19. 0-0 Bf8 20. Qc2 Ng7 21. Nb1 Ne6 22. N1c3 Nd4 23. Nxd4 exd4 24. Nd5 Rb7 25. b4 Bg7 26. Qd3 Qc8 27. Kg2 f5 28. Rfe1 fxe4 29. Qxe4 Kh8 30. Rad1 Qf5 31. Qxf5 gxf5 32. Rd3 h6 33. Re7 Rxe7 34. Nxe7 f4 35. Ng6+ Kg8 36. Nxf4 cxb4 37. axb4 Rc8 38. Rb3 Rxc4 39. b5 Rc3 40. Rb1 Rc8 41. b6 Rb8 42. b7 Kf7 43. Nd5 d3 44. Kf1 Bd4 45. Nc7 Ba7 46. Na6 Re8 47. Re1 Rd8 48. Rd1 Ke7 49. Rxd3 Kd7 50. Rc3 Bb8 51. f4 d5 52. Rc8 Bxf4 53. Rxd8+ Kxd8 54. gxf4 1-0

[Event "Gibraltar Masters 11th"]
[Site "Caleta"]
[Date "2013.01.25"]
[Round "4"]
[White "Obiamiwe, Paul"]
[Black "Byron, Alan M"]
[Result "1-0"]
[WhiteElo "1973"]
[BlackElo "2167"]
[PlyCount "87"]
[EventDate "2013.01.22"]
[EventType "swiss"]
[EventRounds "10"]
[EventCountry "GGB"]
[SourceTitle "CBM 153"]
[Source "ChessBase"]
[SourceDate "2013.03.14"]
[SourceVersion "1"]
[SourceVersionDate "2013.03.14"]
[SourceQuality "1"]

1. Nf3 d5 2. d4 Nf6 3. c4 c6 4. Nc3 e6 5. Bg5 Be7 6. cxd5 exd5 7. Qc2 0-0 8. e3 h6 9. Bh4 Re8 10. Bd3 Ne4 11. Bxe7 Qxe7 12. 0-0 Nd7 13. Rab1 g5 14. b4 a6 15. a4 g4 16. Nd2 f5 17. Ne2 Nf8 18. Nf4 Ne6 19. Ng6 Qg7 20. Ne5 N6g5 21. Bxe4 fxe4 22. Kh1 Ne6 23. b5 axb5 24. axb5 c5 25. f4 cxd4 26. exd4 Rd8 27. Nb3 h5 28. Qd2 Qf6 29. Rbc1 Bd7 30. Qb4 Be8 31. f5 Ng5 32. Rc7 Rab8 33. Rfc1 Qd6 34. Qd2 Qf6 35. Qb4 Qd6 36. Qd2 Qf6 37. Nc5 Qxf5 38. Nxb7 Ne6 39. b6 Bb5 40. Nxd8 Nxd8 41. Qh6 Ne6 42. Rc8+ Rxc8 43. Rxc8+ Nf8 44. Rxf8+ 1-0

[Event "Philadelphia int op 9th"]
[Site "Philadelphia"]
[Date "2012.06.30"]
[Round "4"]
[White "Vazquez Reyes, Raul"]
[Black "Obiamiwe, Paul"]
[Result "1/2-1/2"]
[WhiteElo "2298"]
[BlackElo "2001"]
[PlyCount "35"]
[EventDate "2012.06.29"]
[EventType "swiss"]
[EventRounds "9"]
[EventCountry "USA"]
[SourceTitle "CBM 149 Extra"]
[Source "ChessBase"]
[SourceDate "2012.08.24"]
[SourceVersion "1"]
[SourceVersionDate "2012.08.24"]
[SourceQuality "1"]

1. e4 e5 2. Nf3 Nc6 3. Bb5 a6 4. Ba4 Nf6 5. d4 exd4 6. 0-0 Be7 7. Re1 b5 8. e5 Nxe5 9. Rxe5 bxa4 10. Nxd4 0-0 11. Nf5 Re8 12. Bg5 d6 13. Nxe7+ Rxe7 14. Bxf6 gxf6 15. Rxe7 Qxe7 16. Nc3 Bb7 17. Qd3 Kh8 18. f3 1/2-1/2

[Event "Gibraltar Masters 10th"]
[Site "Caleta"]
[Date "2012.01.25"]
[Round "2"]
[White "Bernula, Istvan"]
[Black "Obiamiwe, Paul"]
[Result "1-0"]
[WhiteElo "1880"]
[BlackElo "1982"]
[PlyCount "97"]
[EventDate "2012.01.24"]
[EventType "swiss"]
[EventRounds "10"]
[EventCountry "GGB"]
[SourceTitle "CBM 147"]
[Source "ChessBase"]
[SourceDate "2012.03.16"]
[SourceVersion "1"]
[SourceVersionDate "2012.03.16"]
[SourceQuality "1"]

1. e4 c5 2. Nf3 d6 3. c3 Nf6 4. Bd3 Nc6 5. h3 g6 6. Bc2 Bg7 7. 0-0 0-0 8. d4 cxd4 9. cxd4 Nb4 10. Bb3 b6 11. Nc3 Ba6 12. Re1 Nd3 13. Re3 Nxc1 14. Rxc1 Bh6 15. e5 Bxe3 16. fxe3 dxe5 17. Nxe5 Rc8 18. Qe1 Kg7 19. Qh4 Qd6 20. Rc2 e6 21. Rf2 Qd8 22. g4 h6 23. g5 hxg5 24. Qxg5 Bb7 25. Bxe6 fxe6 26. Qxg6+ Kh8 27. Qh6+ Nh7 28. Rxf8+ Qxf8 29. Ng6+ Kg8 30. Nxf8 Nxf8 31. Qg5+ Kf7 32. Qf4+ Ke7 33. Qe5 Kf7 34. Nb5 Rc1+ 35. Kf2 Rc2+ 36. Ke1 Bh1 37. Nd6+ Ke7 38. Qg7+ Kxd6 39. Qxf8+ Kd7 40. Qg7+ Kc6 41. Kd1 Rg2 42. Qe5 Kd7 43. Kc1 a6 44. h4 Re2 45. h5 Bd5 46. h6 Bxa2 47. h7 Bb3 48. h8Q Rc2+ 49. Kb1 1-0